Nghề và làng nghề truyền thống Việt Nam Q.1 Nghề chế tác đá, nghề sơn và một số nghề khác
Giới thiệu những vấn đề cơ bản về nghề chế tác đá, nghề sơn mài và một số nghề thủ công truyền thống như: nghề đồi mồi, nghề ren, lược sừng, làm hương...
Wedi'i Gadw mewn:
| Awduron Eraill: | , , , , , , |
|---|---|
| Fformat: | Llyfr |
| Iaith: | Vietnamese |
| Cyhoeddwyd: |
H.
Khoa học xã hội
2015
|
| Pynciau: | |
| Tagiau: |
Ychwanegu Tag
Dim Tagiau, Byddwch y cyntaf i dagio'r cofnod hwn!
|
| Thư viện lưu trữ: | Mạng thư viện Đại học Đà Nẵng |
|---|
| LEADER | 02131aam a22004818a 4500 | ||
|---|---|---|---|
| 001 | 000023661 | ||
| 003 | 20114 | ||
| 005 | 20160114150103.0 | ||
| 008 | 160114s2015 viesd | ||
| 020 | |d 2000b | ||
| 041 | 0 | |a vie | |
| 082 | 0 | 4 | |2 23 |a 680.09597 |b Ngh |
| 245 | 0 | 0 | |a Nghề và làng nghề truyền thống Việt Nam |c Văn Duy, Vũ Thị Ngọc Hà, Võ Văn Hoè... ; B.s.: Trương Minh Hằng (ch.b.), Vũ Quang Dũng |n Q.1 |p Nghề chế tác đá, nghề sơn và một số nghề khác |
| 260 | |a H. |b Khoa học xã hội |c 2015 | ||
| 300 | |a 914 tr. |c 21 cm. | ||
| 500 | |a ĐTTS ghi: Hội Văn nghệ dân gian Việt Nam | ||
| 504 | |a Thư mục: tr. 900-910 | ||
| 520 | |a Giới thiệu những vấn đề cơ bản về nghề chế tác đá, nghề sơn mài và một số nghề thủ công truyền thống như: nghề đồi mồi, nghề ren, lược sừng, làm hương... | ||
| 650 | 0 | 4 | |2 Bộ TK TVQG |a Làng nghề truyền thống |x Nghề thủ công truyền thống |
| 650 | 7 | |2 Bộ TK TVQG | |
| 651 | 7 | |2 Bộ TK TVQG |a Việt Nam | |
| 653 | |a Làng nghề | ||
| 653 | |a Nghề chế tác đá | ||
| 653 | |a Nghề sơn | ||
| 700 | 1 | |a Vũ Quang Dũng |e b.s. | |
| 700 | 1 | |a Trương Minh Hằng |e ch.b. | |
| 700 | 1 | |a Lưu Anh Rô | |
| 700 | 1 | |a Hồ Tấn Tuấn | |
| 700 | 1 | |a Văn Duy | |
| 700 | 1 | |a Vũ Thị Ngọc Hà | |
| 700 | 1 | |a Võ Văn Hoè | |
| 773 | |d Khoa học xã hội |d H. |d 2015 |n ĐTTS ghi: Hội Văn nghệ dân gian Việt Nam |t Nghề và làng nghề truyền thống Việt Nam |w 676989 | ||
| 773 | |d Khoa học xã hội |d H. |d 2015 |t Nghề và làng nghề truyền thống Việt Nam |w 20113 | ||
| OWN | |a LSP | ||
| AVA | |a UDN50 |b LSP |d 680.09597 Ngh |e available |t Error 5001 Not defined in file expand_doc_bib_avail. |f 1 |g 0 |h N |i 0 |k 1 | ||
| 999 | |a From the UDN01 | ||
| AVA | |a UDN50 |b LSP |d 680.09597 Ngh |e available |t Error 5001 Not defined in file expand_doc_bib_avail. |f 1 |g 0 |h N |i 0 |k 1 | ||
| TYP | |a Monograph | ||
| TYP | |a Printed language | ||
| 980 | |a Mạng thư viện Đại học Đà Nẵng | ||